Statistiques concernant Départements et territoires français d'Outre-Mer

Cliquez ici pour prendre le quiz!

Statistiques générales

  • Ce quiz a été pris 286 fois
  • Le résultat moyen est 10 sur 13

Statistiques - réponses

Numéro (Code INSEE)Département ou Territoire% Correct
971Guadeloupe
98%
972Martinique
98%
974Réunion
94%
973Guyane
93%
976Mayotte
93%
988Nouvelle-Calédonie
84%
975Saint-Pierre-et-Miquelon
80%
987Polynésie française
78%
986Wallis-et-Futuna
68%
978Saint-Martin
60%
977Saint-Barthélemy
57%
984Terres australes et antarctiques françaises
55%
989Clipperton
41%

Distribution des résultats

Percentile par nombre de réponses

% des personnes avec chaque résultat

Votre développement - résultats

Vous n’avez pas pris ce quiz